000 00903nam a22002417a 4500
003 UA-OsUOA
001 45145
007 ta
008 20110927b un ||||| |||| 00| 0 ukr d
100 _aМарунчак М.Г.
090 _a929
_bМ29
942 _cBK
040 _aUA-OsUOA
_bukr
_cUA-OsUOA
_dUA-OsUOA
245 _aМаркіян Шашкевич на тлі доби
_bВ 150-ліття з дня народження Пробудителя Західньої України враз з підсумками цих роковин в Україні й на еміграції
300 _a95 с.
955 _a1
041 _aukr
080 _a929
260 _aВінніпег
_c1962
650 7 _a9 Географія. Біографії. Історія
_2UDC
999 _c425252
_d425252